Развертывание отверстий твердосплавными развертками в управляемых тепловых режимах: диссертация на соискание ученой степени кандидата технических наук; Спец. 05.03.01

Dades bibliogràfiques
Autor principal: Ишматов М. Х. Махкам Худайберганович
Autor corporatiu: Ташкентский политехнический институт
Altres autors: Якубов Ф. Я. (научный руководитель)
Idioma:rus
Publicat: Ташкент, 1984
Matèries:
Format: MixedMaterials Llibre
KOHA link:https://koha.lib.tpu.ru/cgi-bin/koha/opac-detail.pl?biblionumber=61553

MARC

LEADER 00000nbm0a2200000 4500
001 61553
005 20231031062647.0
035 |a (RuTPU)RU\TPU\book\65142 
090 |a 61553 
100 |a 20040315d1984 k y0rusy50 ca 
101 0 |a rus 
102 |a RU 
105 |a a m 001zy 
200 1 |a Развертывание отверстий твердосплавными развертками в управляемых тепловых режимах  |e диссертация на соискание ученой степени кандидата технических наук  |e Спец. 05.03.01  |f М. Х. Ишматов  |g Ташкентский политехнический институт; науч. рук.: Ф. Я. Якубов 
210 |a Ташкент  |d 1984 
215 |a 182 л.  |c ил. 
320 |a Библиогр.: с. 170-182 (127 назв.) 
610 1 |a диссертации 
610 1 |a отверстия 
610 1 |a твердость 
610 1 |a твердые сплавы 
610 1 |a развертки 
610 1 |a тепловые режимы 
610 1 |a подогревы 
610 1 |a трещины 
675 |a 621.951.7(048)  |v 3 
686 |a 05.03.01  |2 oksvnk 
700 1 |a Ишматов  |b М. Х.  |g Махкам Худайберганович 
702 1 |a Якубов  |b Ф. Я.  |4 727 
712 0 2 |a Ташкентский политехнический институт 
801 1 |a RU  |b 63413507  |c 20040315  |g PSBO 
801 2 |a RU  |b 63413507  |c 20090416  |g PSBO 
942 |c BK